4305-肥薩おれんじ鉄道の駅 - Statistics

General Stats
  • This quiz has been taken 96 times
    86 since last reset
  • The average score is 20 of 28
Answer Stats
本線 % Correct
八代
100%
川内
97%
水俣
94%
出水
94%
阿久根
83%
新水俣
82%
上川内
78%
西出水
74%
たのうら御立岬公園
72%
津奈木
72%
肥後田浦
71%
71%
肥後高田
69%
米ノ津
68%
薩摩高城
66%
日奈久温泉
65%
佐敷
65%
薩摩大川
65%
海浦
63%
高尾野
63%
野田郷
63%
湯浦
62%
折口
62%
草道
60%
上田浦
58%
牛ノ浜
58%
肥後二見
57%
西方
57%
No matching quizzes found
Score Distribution
Percent of People with Each Score
Percentile by Number Answered
Your Score History
You have not taken this quiz since the last reset